01521nam a2200157 a 4500008004100000020001500041041000800056100002200064245004100086250001100127260004000138300002200178500008300200505106800283655001201351161215e2006 ag |||g |||| 001 j spa d a9500726882 aspa1 aGrinstein, Marisa aMujeres asesinas /cMarisa Grinstein a6a ed. aBuenos Aires:bSudamericana;c2006. a214 p.c22x14 cm. aGrinstein, M. (2006). Mujeres asesinas. (6a ed.). Buenos Aires : Sudamericana. aUna mujer asesina es el reverso del mito que funda la sociedad occidental. Las catorce mujeres criminales de la Argentina reunidas en este libro parecen un abuso a la estadística. Con la objetividad de una inventario y la pasión de una criminóloga, Marisa Gristein atraviesa de un cuchillazo la idea de la excepcionalidad del acto criminal a cargo del sexo débil para proponer la pesadilla de una serie. Mujeres asesinas es mucho más que una colección de biografías que se sustraen al curso de una vida normal, gracias al empleo de cuchillos, pistolas, masas, sogas o ácidos. En un catálogo de aberraciones, un compendio de la locura y el extravío, y una riquísima indagación psicológica acerca de los modos en que la violencia y la pulsión de muerte se apropian de la mente femenina. Las catorce asesinas de este libro tienen algo en común: esperaban para sí algo mejor. En algún punto, ese destino hizo una trampa o ellas se hicieron la trampa así mismas. Matar, entonces, no significa más que empeorar un poco las cosas.  aRelatos